Littlewood-Paley theory and the study of function spaces /
Guardado en:
| Autor Principal: | |
|---|---|
| Otros Autores: | , |
| Formato: | Libro |
| Idioma: | English |
| Publicado: |
Providence, R.I. :
published for the Conference Board of the Mathematical Sciences by the American Mathematical Society, with support from the National Science Foundation,
c1991.
|
| Series: | Regional conference series in mathematics ;
no. 79. |
| Materias: | |
| Acceso en línea: | Google Book Search |
| Etiquetas: |
Agregar Etiqueta
Sin Etiquetas, Sea el primero en etiquetar este registro!
|
| LEADER | 01404cam a2200289 a 4500 | ||
|---|---|---|---|
| 001 | MAT.inmabb004213 | ||
| 008 | 910221s1991####riua#####b####100#0#eng## | ||
| 005 | 20130323172440.0 | ||
| 245 | 0 | 0 | |a Littlewood-Paley theory and the study of function spaces / |c Michael Frazier, Björn Jawerth, Guido Weiss. |
| 260 | |a Providence, R.I. : |b published for the Conference Board of the Mathematical Sciences by the American Mathematical Society, with support from the National Science Foundation, |c c1991. | ||
| 300 | |a vii, 132 p. : |b il. ; |c 26 cm. | ||
| 490 | 1 | |a Conference Board of the Mathematical Sciences (CBMS) regional conference series in mathematics ; |v no. 79 | |
| 500 | |a "Expository lectures from the CBMS regional conference held at Auburn University, July 3-7, 1989"--Dorso portada. | ||
| 504 | |a Incluye referencias bibliográficas (p. 129-132). | ||
| 510 | 4 | |a MR, |c 92m:42021 | |
| 020 | |a 0821807315 | ||
| 100 | 1 | |a Frazier, Michael, |d 1956- | |
| 700 | 1 | |a Jawerth, Björn, |d 1952- | |
| 700 | 1 | |a Weiss, Guido L., |d 1928- | |
| 830 | 0 | |a Regional conference series in mathematics ; |v no. 79. | |
| 650 | 0 | |a Littlewood-Paley theory |x Congresses. | |
| 650 | 0 | |a Function spaces |x Congresses. | |
| 084 | |a 42B25 (42C15 46E35 46M35) |2 MR | ||
| 010 | |a 91011230 | ||
| 040 | |a DLC |c DLC |d DLC | ||
| 856 | 4 | |u http://books.google.com/books?vid=ISBN0821807315 |y Google Book Search | |
| 859 | |h 42 |i F848 |p A-6401 |b BIB. MATEMATICA | ||
